000 01228nam0a22003371 4500
001 RU\NLR\INFOCOMM_161\5000090364
005 20250613105843.0
035 _a(NLR Aleph) 009536076
090 _a8916815
_c8916815
100 _a20101207d1977 |||y0rusy50 ca
101 0 _aeng
102 _aRU
105 _ay ||||000|y
200 1 _aOn description of 9.5 GeV dimuon enhancement by means of the vector meson family with hidden "beauty"
_fS. S. Gerstein, A. K. Likhoded, Yu. F. Pirogov
210 _aSerpukhov
_d1977
215 _a20 с.
_d25 см
225 1 _aˆ[‰Издания]
_v77-111. ОТФ
_fInst. for high energy physics. ИФБЭ
320 _aБиблиогр.: с. 19
606 _aМионы
_xВзаимодействие при высоких энергиях
_2nlr_sh1
686 _aВ382.42
_2rubbk
700 1 _9z06790
_aGerštejn
_bS. S.
_4070
701 1 _9z07790
_aLichoded
_bA. K.
_gAnatolij Konstantinovič
_4070
701 1 _9z08790
_aPirogov
_bJu. F.
_4070
790 1 _9z06700
_aGerstein
_bS. S.
_4070
790 1 _9z07701
_aLikhoded
_bA. K.
_4070
790 1 _9z08701
_aPirogov
_bYu. F.
_4070
801 1 _aRU
_bNLR
_c20101207
801 0 _aRU
_bNLR
_gPSBO
852 _aNLR
_jП7/1175
942 _cBOOK
980 _aNB